Central Library OPAC University of Rajshahi

Guide to American graduate schools / (Record no. 43208)

MARC details
000 -LEADER
fixed length control field 00852nam a2200265 a 4500
001 - CONTROL NUMBER
control field 43208
003 - CONTROL NUMBER IDENTIFIER
rucl marc code BD-RjUL
005 - DATE AND TIME OF LATEST TRANSACTION
control field 20211209053649.0
008 - FIXED-LENGTH DATA ELEMENTS--GENERAL INFORMATION
fixed length control field 160620s1967 nyu r 000 0 eng
035 ## - SYSTEM CONTROL NUMBER
System control number (OCoLC)ocm00175584
System control number (BD-RjUL)43326
System control number (NNC)1957859
040 ## - CATALOGING SOURCE
Original cataloging agency DLC
Transcribing agency DLC
Language of cataloging eng
041 ## - LANGUAGE CODE
Language code of text/sound track or separate title eng
082 00 - DEWEY DECIMAL CLASSIFICATION NUMBER
Classification number 378.73
Author mark and year LIG 1967
100 1# - MAIN ENTRY--PERSONAL NAME
Personal name Livesey, Herbert B.
9 (RLIN) 132699
245 10 - TITLE STATEMENT
Title Guide to American graduate schools /
Statement of responsibility, etc. by Herbert B. Livesey and Gene A. Robbins.
260 ## - PUBLICATION, DISTRIBUTION, ETC. (IMPRINT)
Place of publication, distribution, etc. New York :
Name of publisher, distributor, etc. Viking Press,
Date of publication, distribution, etc. c1967
300 ## - PHYSICAL DESCRIPTION
Pagination xli, 357 p. ;
Size 28 cm.
650 #0 - SUBJECT ADDED ENTRY--TOPICAL TERM
Topical term or geographic name as entry element Universities and colleges
Geographic subdivision United States
General subdivision Graduate work
Form subdivision Directories.
9 (RLIN) 132700
Topical term or geographic name as entry element Professional education
Geographic subdivision United States
Form subdivision Directories.
9 (RLIN) 132701
700 1# - ADDED ENTRY--PERSONAL NAME
Personal name Robbins, Gene A.,
Relator term author.
942 ## - ADDED ENTRY ELEMENTS (KOHA)
Source of classification or shelving scheme Dewey Decimal Classification
Koha item type Books
Holdings
Lost status Source of classification or shelving scheme Damaged status Not for loan Collection code Permanent Location Current Location Shelving location Date acquired Total Checkouts Full call number Date last seen Copy number Koha item type
  Dewey Decimal Classification     Non-fiction Central Library, University of Rajshahi Central Library, University of Rajshahi   23/01/1980   378.73 LIG 1967 20/06/2016 C-2 Books